| 000 | 00403nam a22001457a 4500 | ||
|---|---|---|---|
| 999 |
_c23847 _d23847 |
||
| 003 | NUST | ||
| 008 | 140423b xxu||||| |||| 00| 0 eng d | ||
| 020 | _cAvailable | ||
| 038 | _aNusrat Nadeem | ||
| 082 | _a621.382011 PRA | ||
| 245 |
_aProgramming Languages: Design and implementation _cPratt,Terrence W |
||
| 260 |
_aIndia _bPearson Education _c2004 |
||
| 538 | _iSupercomputing Lab | ||
| 942 |
_2ddc _cBK |
||